Письмо Жомини, [барона Генр. Вельяминов.], генерала, графу Д.Н. Шереметеву

Доступно только в Электронных читальных залах Найти на картеНа карте
RUSMARC
00003799nmc2a22002533x 450
0019baf967a-e094-41dc-9f29-e64c987381ab
00520230907124825.0
100##$a20230412l18261826k l0rusy0189 ca
1010#$arus
$afre
102##$aRU
105##$ay###
1222#$ad
2001#$aПисьмо Жомини, [барона Генр. Вельяминов.], генерала, графу Д.Н. Шереметеву
$j1826 г.
215##$a3 л.
$d36,5х26 см
251##$cДело
300##$aГраф Дмитрий Николаевич Шереметев и его семья. Переписка. Письма разных лиц Д.Н. Шереметеву
300##$aНа русском и французском языках
371##$aДокумент не является опубликованным и широко распространяемым
461#0$100198b93a77-94f0-46bb-a7e0-b5027cc72a67
$12001
$aШереметевы, графы
$1251
$cФонд
$1852
$j1088
462#0$1001d3ce280e-361b-49f4-86d2-e1a120f828b4
$12001
$aЛичные документы, переписка и документы, связанные со служебной и общественной деятельностью графов Бориса Петровича, Петра Борисовича, Николая Петровича и Дмитрия Шереметевых
$1251
$cОпись
$1852
$j1
801#0$aRU
$bРГИА
$c20230412
$gRCR
801#1$aRU
$bГлавНИВЦ
$c20230412
$2rusmarc
801#2$aRU
$bПБ им. Б.Н. Ельцина
$c20230907
$gRCR
$2rusmarc
850##$aРГИА
852##$aРГИА
$eФедеральное казенное учреждение "Российский государственный исторический архив" (РГИА)
$j527
937##$hРГИА
$d12399537
$aASBIBLIO_SCAN
035##$aRusGRCC00060034
856##$uhttp://readingroom.main.prlib.ru/item.aspx?id_node=n187418618&mode=full
Формат отображения